8051 Microcontroller: (Record no. 28250)

MARC details
000 -LEADER
fixed length control field 01028nam a22002657a 4500
005 - DATE AND TIME OF LATEST TRANSACTION
control field 20090713161744.0
008 - FIXED-LENGTH DATA ELEMENTS--GENERAL INFORMATION
fixed length control field 090713t xxu||||| |||| 00| 0 eng d
010 ## - LCCN (DPL NO)
LC control number ENG-94397
020 ## - INTERNATIONAL STANDARD BOOK NUMBER
International Standard Book Number 0070086818
Terms of availability 295.00
020 ## - INTERNATIONAL STANDARD BOOK NUMBER
International Standard Book Number 9780070086814
Terms of availability 295.00
035 ## - SYSTEM CONTROL NUMBER
System control number EN-77930
037 ## - SOURCE OF ACQUISITION
Source of stock number/acquisition DBAD / PUB
040 ## - CATALOGING SOURCE
Original cataloging agency dpl
Language of cataloging English
082 ## - DEWEY DECIMAL CLASSIFICATION NUMBER
Classification number 004.165
100 ## - MAIN ENTRY--PERSONAL NAME
Personal name Udayashankara, V.
245 ## - TITLE STATEMENT
Title 8051 Microcontroller:
Statement of responsibility, etc by V. Udayashankara [and] M.S. Mallikarjunaswamy
Remainder of title hardware, software & applications /
246 ## - VARYING FORM OF TITLE
Title proper/short title Eight thousand fifty one microcontroller:
260 ## - PUBLICATION, DISTRIBUTION, ETC. (IMPRINT)
Place of publication, distribution, etc New Delhi
Name of publisher, distributor, etc Tata McGraw-Hill Publishing
Date of publication, distribution, etc 2009
270 ## - ADDRESS
Address 7 West Patel Nagar,
City New Delhi
Postal code 110008
300 ## - PHYSICAL DESCRIPTION
Extent xix, 304p.
Dimensions 25cm(pbk)
500 ## - GENERAL NOTE
General note Includes index
700 ## - ADDED ENTRY--PERSONAL NAME
Personal name Mallikarjunaswamy, M.S.
942 ## - ADDED ENTRY ELEMENTS (KOHA)
Source of classification or shelving scheme Dewey Decimal Classification
Item type English Books
Call number suffix UDA
Classification part 004.165
Holdings
Withdrawn status Lost status Source of classification or shelving scheme Damaged status Not for loan Collection code Home library Current library Date acquired Source of acquisition Cost, normal purchase price Total Checkouts Full call number Barcode Date last seen Copy number Cost, replacement price Koha item type
    Dewey Decimal Classification   Not For Loan Non-fiction D.B.Act.Division D.B.Act.Division 13/07/2009 DBAB / PUB 295.00   004.165 UDA EN-77930 13/07/2009 1 295.00 English Books

© Delhi Public Library
Hit Counter
free hit counter